Detalles MARC
| 000 -LEADER |
| fixed length control field |
02057nam a2200493Ii 4500 |
| 001 - CONTROL NUMBER |
| control field |
DIGCOLMX0368 |
| 003 - CONTROL NUMBER IDENTIFIER |
| control field |
NyNyDIG |
| 007 - PHYSICAL DESCRIPTION FIXED FIELD--GENERAL INFORMATION |
| fixed length control field |
cr ||||||||||| |
| 008 - FIXED-LENGTH DATA ELEMENTS--GENERAL INFORMATION |
| fixed length control field |
220208s2018 mx a ob 000 0 spa d |
| 006 - FIXED-LENGTH DATA ELEMENTS--ADDITIONAL MATERIAL CHARACTERISTICS |
| fixed length control field |
m o d |
| 035 ## - SYSTEM CONTROL NUMBER |
| System control number |
(OCoLC)1059554730 |
| 040 ## - CATALOGING SOURCE |
| Original cataloging agency |
DGITA |
| Language of cataloging |
eng |
| Description conventions |
rda |
| -- |
pn |
| Transcribing agency |
DGITA |
| 020 ## - INTERNATIONAL STANDARD BOOK NUMBER |
| International Standard Book Number |
9786076283912 |
| Qualifying information |
eBook |
| 020 ## - INTERNATIONAL STANDARD BOOK NUMBER |
| Canceled/invalid ISBN |
9786076282557 |
| 043 ## - GEOGRAPHIC AREA CODE |
| Geographic area code |
n-mx--- |
| 050 14 - LIBRARY OF CONGRESS CALL NUMBER |
| Classification number |
HV6535.M43 ebook |
| 082 14 - DEWEY DECIMAL CLASSIFICATION NUMBER |
| Classification number |
364.1523092 |
| 100 1# - MAIN ENTRY--PERSONAL NAME |
| Personal name |
Mayer Celis, Leticia, |
| Relator term |
author. |
| 245 13 - TITLE STATEMENT |
| Title |
Un crimen en Durango en el siglo XIX : |
| Remainder of title |
doña Nepomucena Alcalde y el terrible asesinato de su marido / |
| Statement of responsibility, etc. |
Leticia Mayer Celis. |
| 250 ## - EDITION STATEMENT |
| Edition statement |
Primera edición electrónica. |
| 264 #1 - PRODUCTION, PUBLICATION, DISTRIBUTION, MANUFACTURE, AND COPYRIGHT NOTICE |
| Place of production, publication, distribution, manufacture |
Ciudad de México : |
| Name of producer, publisher, distributor, manufacturer |
El Colegio de México, |
| Date of production, publication, distribution, manufacture, or copyright notice |
2018. |
| 300 ## - PHYSICAL DESCRIPTION |
| Extent |
1 online resource : |
| Other physical details |
illustrations. |
| 336 ## - CONTENT TYPE |
| Content type term |
text |
| Content type code |
txt |
| Source |
rdacontent |
| 337 ## - MEDIA TYPE |
| Media type term |
computer |
| Media type code |
c |
| Source |
rdamedia |
| 338 ## - CARRIER TYPE |
| Carrier type term |
online resource |
| Carrier type code |
cr |
| Source |
rdacarrier |
| 347 ## - DIGITAL FILE CHARACTERISTICS |
| File type |
text file |
| Source |
rdaft |
| 347 ## - DIGITAL FILE CHARACTERISTICS |
| Encoding format |
EPUB |
| 490 1# - SERIES STATEMENT |
| Series statement |
Colección La aventura de la vida cotidiana. Historia-investigación |
| 500 ## - GENERAL NOTE |
| General note |
"Centro de Estudios Históricos." |
| 504 ## - BIBLIOGRAPHY, ETC. NOTE |
| Bibliography, etc. note |
Includes bibliographical references. |
| 588 0# - SOURCE OF DESCRIPTION NOTE |
| Source of description note |
Online resource; title from ePub title page (Digitalia, viewed February 8, 2021) |
| 650 #0 - SUBJECT ADDED ENTRY--TOPICAL TERM |
| Topical term or geographic name entry element |
Murder |
| Geographic subdivision |
Mexico |
| -- |
Durango (Durango) |
| Form subdivision |
Case studies. |
| 600 10 - SUBJECT ADDED ENTRY--PERSONAL NAME |
| Personal name |
Alcalde, Nepomucena. |
| 600 10 - SUBJECT ADDED ENTRY--PERSONAL NAME |
| Personal name |
Hernández, Silvestre, |
| Dates associated with a name |
-1835 |
| General subdivision |
Death and burial. |
| 651 #0 - SUBJECT ADDED ENTRY--GEOGRAPHIC NAME |
| Geographic name |
Durango (Durango, Mexico) |
| General subdivision |
Social conditions |
| Chronological subdivision |
19th century. |
| 655 #0 - INDEX TERM--GENRE/FORM |
| Genre/form data or focus term |
Electronic books. |
| 791 2# - |
| -- |
Digitalia (Firm), |
| -- |
distributor. |
| 793 0# - |
| -- |
Digitalia eBook Collection: |
| -- |
El Colegio de México |
| 776 08 - ADDITIONAL PHYSICAL FORM ENTRY |
| Relationship information |
Print version: |
| Main entry heading |
Mayer Celis, Leticia. |
| Title |
Crimen en Durango en el siglo XIX. |
| Edition |
Primera edición. |
| Place, publisher, and date of publication |
Ciudad de México : El Colegio de México, 2018 |
| International Standard Book Number |
9786076282557 |
| 830 #0 - SERIES ADDED ENTRY--UNIFORM TITLE |
| Uniform title |
Colección La aventura de la vida cotidiana. |
| Name of part/section of a work |
Historia-investigación. |
| 856 40 - ELECTRONIC LOCATION AND ACCESS |
| Materials specified |
Digitalia Hispánica |
| Uniform Resource Identifier |
<a href="https://www.digitaliapublishing.com/a/105730/">https://www.digitaliapublishing.com/a/105730/</a> |
| 910 ## - USER-OPTION DATA (OCLC) |
| User-option data |
Premium collection: 2022 |
| 942 ## - ADDED ENTRY ELEMENTS (KOHA) |
| Koha item type |
Recurso Electrónico |